Design of concrete structures (Record no. 3628)

000 -LEADER
fixed length control field 00663nam a2200229 a 4500
001 - CONTROL NUMBER
control field 3628
003 - CONTROL NUMBER IDENTIFIER
control field BD-DhUET
008 - FIXED-LENGTH DATA ELEMENTS--GENERAL INFORMATION
fixed length control field 850621s1985 enka b 101 0 eng
020 ## - INTERNATIONAL STANDARD BOOK NUMBER
International Standard Book Number 007Y665486
040 ## - CATALOGING SOURCE
Original cataloging agency DLC
Transcribing agency DLC
Modifying agency BD-DhUET
082 00 - DEWEY DECIMAL CLASSIFICATION NUMBER
Classification number 624.183
Item number NIL/1986
100 ## - MAIN ENTRY--PERSONAL NAME
Personal name Nilson, Arthur H.
245 00 - TITLE STATEMENT
Title Design of concrete structures
Statement of responsibility, etc. by Arthur H. Nilson and George Winter
250 ## - EDITION STATEMENT
Edition statement 10th ed.
260 ## - PUBLICATION, DISTRIBUTION, ETC. (IMPRINT)
Place of publication, distribution, etc. New York:
Name of publisher, distributor, etc. McGraw Hill Book Company,
Date of publication, distribution, etc. 1986.
300 ## - PHYSICAL DESCRIPTION
Extent xi, 380 p. :
Other physical details ill. ;
Dimensions 23 cm.
490 ## - SERIES STATEMENT
Series statement Civil engineering series
504 ## - BIBLIOGRAPHY, ETC. NOTE
Bibliography, etc Includes bibliographies
650 #0 - SUBJECT ADDED ENTRY--TOPICAL TERM
Topical term or geographic name as entry element Reinforced concrete
700 ## - ADDED ENTRY--PERSONAL NAME
Personal name Winter, George
942 ## - ADDED ENTRY ELEMENTS (KOHA)
Koha item type General Book
Holdings
Date acquired Sublocation or collection (holding branch) Koha out on loan Withdrawn status Koha full call number Copy number Koha issues (times borrowed) Shelving location Koha normalized classification for sorting Price effective from Koha date last seen Koha renewals Not for loan Koha item type Source of classification or shelving scheme Piece designation (barcode) Lost status Location (home branch) Damaged status Koha date last borrowed
2014-11-02Central Library, BUET2027-02-23 624.183/NIL/198616Circulation section624_000000000000000_183NIL19862014-11-022026-02-231 General Book 77873 Central Library, BUET 2026-02-23
1990-10-23Central Library, BUET  624.183 NIL/1986১০/ক-১ Rental section624_183000000000000_NIL_19862024-12-042024-12-04  Rental Item 77816 Central Library, BUET  
1990-10-23Central Library, BUET  624.183 NIL/1986১০/ক-২ Rental section624_183000000000000_NIL_19862024-12-042024-12-04  Rental Item 77817 Central Library, BUET  
1990-10-23Central Library, BUET  624.183 NIL/1986১০/ক-৩ Rental section624_183000000000000_NIL_19862024-12-042024-12-04  Rental Item 77818 Central Library, BUET  
1990-10-23Central Library, BUET  624.183 NIL/1986১০/ক-৪ Rental section624_183000000000000_NIL_19862024-12-042024-12-04  Rental Item 77819 Central Library, BUET  
1990-10-23Central Library, BUET  624.183 NIL/1986১০/ক-৫ Rental section624_183000000000000_NIL_19862024-12-042024-12-04  Rental Item 77820 Central Library, BUET  
1990-10-23Central Library, BUET  624.183 NIL/1986১০/ক-৬ Rental section624_183000000000000_NIL_19862024-12-042024-12-04  Rental Item 77821 Central Library, BUET  
1990-10-23Central Library, BUET  624.183 NIL/1986১০/ক-৭ Rental section624_183000000000000_NIL_19862024-12-042024-12-04  Rental Item 77822 Central Library, BUET  
1990-10-23Central Library, BUET  624.183 NIL/1986১০/ক-৮ Rental section624_183000000000000_NIL_19862024-12-042024-12-04  Rental Item 77823 Central Library, BUET  
1990-10-23Central Library, BUET  624.183 NIL/1986১০/ক-৯ Rental section624_183000000000000_NIL_19862024-12-042024-12-04  Rental Item 77824 Central Library, BUET  
1990-10-23Central Library, BUET  624.183 NIL/1986১০/ক-১০ Rental section624_183000000000000_NIL_19862024-12-042024-12-04  Rental Item 77825 Central Library, BUET  
1990-10-23Central Library, BUET  624.183 NIL/1986১০/ক-১১ Rental section624_183000000000000_NIL_19862024-12-042024-12-04  Rental Item 77826 Central Library, BUET  
1990-10-23Central Library, BUET  624.183 NIL/1986১০/ক-১২ Rental section624_183000000000000_NIL_19862024-12-042024-12-04  Rental Item 77827 Central Library, BUET  
1990-10-23Central Library, BUET  624.183 NIL/1986১০/ক-১৩ Rental section624_183000000000000_NIL_19862024-12-042024-12-04  Rental Item 77828 Central Library, BUET  
1990-10-23Central Library, BUET  624.183 NIL/1986১০/ক-১৪ Rental section624_183000000000000_NIL_19862024-12-042024-12-04  Rental Item 77829 Central Library, BUET  
1990-10-23Central Library, BUET  624.183 NIL/1986১০/ক-১৫ Rental section624_183000000000000_NIL_19862024-12-042024-12-04  Rental Item 77830 Central Library, BUET  
1990-10-23Central Library, BUET  624.183 NIL/1986১০/ক-১৬ Rental section624_183000000000000_NIL_19862024-12-042024-12-04  Rental Item 77831 Central Library, BUET  
1990-10-23Central Library, BUET  624.183 NIL/1986১০/ক-১৭ Rental section624_183000000000000_NIL_19862024-12-042024-12-04  Rental Item 77832 Central Library, BUET  
1990-10-23Central Library, BUET  624.183 NIL/1986১০/ক-১৮ Rental section624_183000000000000_NIL_19862024-12-042024-12-04  Rental Item 77833 Central Library, BUET  
1990-10-23Central Library, BUET  624.183 NIL/1986১০/ক-১৯ Rental section624_183000000000000_NIL_19862024-12-042024-12-04  Rental Item 77834 Central Library, BUET  
1990-10-23Central Library, BUET  624.183 NIL/1986১০/ক-২০ Rental section624_183000000000000_NIL_19862024-12-042024-12-04  Rental Item 77835 Central Library, BUET